00576nam a22001457a 4500003000400000082001700004100002000021245018800041260002500229300000800254650003000262942001200292952010900304999001700413SGT a617.63bC26B aBorah, Indrani  aClinical study of magnetic resonance imaging -based texture analysis and fasciculation of the lateral pterygoid muscle in patients with internal derangement of temporomandibular joint aGurugrambSGTUc2026 a108 aOral Medicine & Radiology 2ddccTH 00102ddc405171aFDbFDcREFd2026-04-11l0o617.63 C26BpDT2681r2026-04-11 00:00:00w2026-04-11yTH c34626d34626